Gerencia y Administración de sistemas de suministro de medicamentos esenciales / (Registro nro. 43555)

Detalles MARC
000 -LEADER
fixed length control field 01427nam a2200337 4500
001 - CONTROL NUMBER
control field 0000024025
003 - CONTROL NUMBER IDENTIFIER
control field CO-CtgCURN
005 - DATE AND TIME OF LATEST TRANSACTION
control field 20250429224939.0
007 - PHYSICAL DESCRIPTION FIXED FIELD--GENERAL INFORMATION
fixed length control field ta
008 - FIXED-LENGTH DATA ELEMENTS--GENERAL INFORMATION
fixed length control field 160627s2005 000 0 eng d
020 ## - INTERNATIONAL STANDARD BOOK NUMBER
International Standard Book Number 9589678033
040 ## - CATALOGING SOURCE
Original cataloging agency CO-CtgCURN
Language of cataloging spa
Transcribing agency coctgcurn
082 0# - DEWEY DECIMAL CLASSIFICATION NUMBER
Classification number 362.1782
Item number G367
245 00 - TITLE STATEMENT
Title Gerencia y Administración de sistemas de suministro de medicamentos esenciales /
Statement of responsibility, etc. editores, Gloria Ines Jaramillo Gaviria, Jorge Eduardo Muñoz Marin.
250 ## - EDITION STATEMENT
Edition statement 4a. Ed.
260 ## - PUBLICATION, DISTRIBUTION, ETC.
Place of publication, distribution, etc. Medellin :
Name of publisher, distributor, etc. Cooperativa de Hospitales de Antioquia,
Date of publication, distribution, etc. 2005.
300 ## - PHYSICAL DESCRIPTION
Extent 214 p.
336 ## - CONTENT TYPE
Source rdacontent
337 ## - MEDIA TYPE
Source rdamedia
Media type term sin mediacion
Media type code n
338 ## - CARRIER TYPE
Source rdacarrier
Carrier type term volumen
Carrier type code nc
504 ## - BIBLIOGRAPHY, ETC. NOTE
Bibliography, etc. note Incluye bibliografia al final de cada capitulo.
505 8# - FORMATTED CONTENTS NOTE
Formatted contents note Direcciónamiento estrategico -- Gestion del desarrollo humano -- Gestion del desarrollo sostenible -- Desarrollo tecnologico en la organizacion -- Selección y estimacion de necesidades de medicamentos e insumos hospitalarios esencial -- Promocion del uso adecuado de los medicamentos -- Comercializacion
650 14 - SUBJECT ADDED ENTRY--TOPICAL TERM
Topical term or geographic name entry element Materia medica.
650 14 - SUBJECT ADDED ENTRY--TOPICAL TERM
Topical term or geographic name entry element Medicamentos.
650 14 - SUBJECT ADDED ENTRY--TOPICAL TERM
Topical term or geographic name entry element Prescripciones medicas.
700 1# - ADDED ENTRY--PERSONAL NAME
Personal name Jaramillo Gaviria, Gloria Inés.
700 1# - ADDED ENTRY--PERSONAL NAME
Personal name Muñoz Marín, Jorge Eduardo.
908 ## - PUT COMMAND PARAMETER (RLIN)
Put command parameter 160627
942 ## - ADDED ENTRY ELEMENTS (KOHA)
Koha item type Libros
Classification part 362.1782
Item part G367
Source of classification or shelving scheme Dewey Decimal Classification

No hay ítems disponibles.